LIBRARY & INFORMATION CENTRE, KCAET, TAVANUR

ONLINE PUBLIC ACCESS CATALOGUE (OPAC)

Mechanics of Structures: Vol.1(Strength of Materials),(Entirely in SI Units) (Record no. 14498)

MARC details
000 -LEADER
fixed length control field 00389nam a22001457a 4500
020 ## - INTERNATIONAL STANDARD BOOK NUMBER
ISBN 8185594066
082 ## - DEWEY DECIMAL CLASSIFICATION NUMBER
Classification number 624.171
Item number JUN/ME
100 ## - MAIN ENTRY--AUTHOR NAME
Personal name Junnarkar,S.B
100 ## - MAIN ENTRY--AUTHOR NAME
Personal name Shah,H.J
245 ## - TITLE STATEMENT
Title Mechanics of Structures: Vol.1(Strength of Materials),(Entirely in SI Units)
250 ## - EDITION STATEMENT
Edition statement 24 th
260 ## - PUBLICATION, DISTRIBUTION, ETC. (IMPRINT)
Place of publication Anand
Name of publisher Charotar Publishing House
Year of publication 2002
300 ## - PHYSICAL DESCRIPTION
Number of Pages 1076
942 ## - ADDED ENTRY ELEMENTS (KOHA)
Koha item type Books
Holdings
Withdrawn status Lost status Damaged status Collection code Home library Current library Shelving location Date acquired Source of acquisition Cost, normal purchase price Full call number Accession Number Koha item type
        KAUAET KAUAET General Stacks 11/07/2016 Aman Book Stall, Calicut 225.00 624.171 JUN/ME 24950 Books
        KAUAET KAUAET Scheme 11/07/2022 TBS PUBLISHERS AND DISTRIBUTERS 425.00 624.171 JUN/ME BB 648 Book Bank scheme for SC students
free website counter